Guess the 2 Euro coin (hard) - Statistics

General Stats
  • This quiz has been taken 13 times
  • The average score is 26 of 34
Answer Stats
Picture Answer % Correct
Croatia
100%
Ireland
100%
Andorra
90%
Estonia
90%
France (1999-2021)
90%
Germany
90%
Greece
90%
Italy
90%
Portugal
90%
Vatican City (2014-2016)
90%
Malta
80%
Netherlands (1999-2013)
80%
Slovakia
80%
Vatican City (2002-2005)
80%
Vatican City (2005)
80%
Vatican City (2006-2013)
80%
Vatican City (2017-)
80%
Belgium
70%
Cyprus
70%
France (2022-)
70%
Latvia
70%
Monaco (2001-2005)
70%
Netherlands (2014-)
70%
San Marino (2002-2016)
70%
Slovenia
70%
Spain (1999-2009)
70%
Austria
60%
Lithuania
60%
Luxembourg
60%
Monaco (2006-)
60%
Spain (2010-2014)
60%
Finland
50%
San Marino (2017-)
50%
Spain (2015-)
50%
No matching quizzes found
Score Distribution
Percent of People with Each Score
Percentile by Number Answered
Your Score History
You have not taken this quiz